书目信息 |
| 题名: |
旅游英语900句
|
|
| 作者: | 葛志宏 编著 | |
| 分册: | ||
| 出版信息: | 北京 中国书籍出版社 2005 |
|
| 页数: | 364页 | |
| 开本: | 17×14cm | |
| 丛书名: | 英语畅销书系 | |
| 单 册: | ||
| 中图分类: | H319.9 , H31 | |
| 科图分类: | ||
| 主题词: | 旅游--英语--口语 , 英语 , 口语 , 旅游 | |
| 电子资源: | ||
| ISBN: | 7-5068-0775-0 | |
| 000 | 00956oam2 2200325 450 | |
| 001 | 07079000378 | |
| 005 | 20070721170321.29 | |
| 010 | @a7-5068-0775-0@dCNY18.00 | |
| 100 | @a20060529e20072005em y0chiy0110 ea | |
| 101 | 0 | @achi@aeng |
| 102 | @aCN@b110000 | |
| 105 | @ay z 000yy | |
| 200 | 1 | @a旅游英语900句@Alv you ying yu 900 ju@dEnglish tourism 900@f葛志宏编著@zeng |
| 205 | @a2版 | |
| 210 | @a北京@c中国书籍出版社@d2005@h2007 | |
| 215 | @a364页@d17×14cm@e附光盘1片 | |
| 225 | 2 | @a英语畅销书系 |
| 307 | @a附光盘ISBN: 7-89993-374-9 | |
| 330 | @a本书收录了旅游英语中常用的句子,包括在不同场合下的不同表达方式。 | |
| 461 | 0 | @12001 @a英语畅销书系 |
| 510 | 1 | @aEnglish tourism 900@zeng |
| 606 | 0 | @a旅游@x英语@x口语 |
| 606 | 0 | @a英语 |
| 606 | 0 | @a口语 |
| 606 | 0 | @a旅游 |
| 690 | @aH319.9@v4 | |
| 690 | @aH31@v3 | |
| 701 | 0 | @a葛志宏@Age zhi hong@c(英语教学)@4编著 |
| 801 | 0 | @aCN@bNLC@c20070721 |
| 905 | @a10447@dH31@e1231=2 | |
| 旅游英语900句=English tourism 900/葛志宏编著.-2版.-北京:中国书籍出版社,2005(2007) |
| 364页;17×14cm+附光盘1片.-(英语畅销书系) |
| ISBN 7-5068-0775-0:CNY18.00 |
| 本书收录了旅游英语中常用的句子,包括在不同场合下的不同表达方式。 |
| ● |
| 相关链接 |
|
|
|
|
正题名:旅游英语900句
索取号:H31/1231=2
 
预约/预借
| 序号 | 登录号 | 条形码 | 馆藏地/架位号 | 状态 | 备注 |
| 1 | 0822872 | 208228728 | 第二样本阅览室/ [索取号:H31/1231=2] | 在馆 | |
| 2 | 0822873 | 208228737 | 第四借阅区/ [索取号:H31/1231=2] | 在馆 | |
| 3 | 0822874 | 208228746 | 第四借阅区/ [索取号:H31/1231=2] | 在馆 | |
| 4 | 0822875 | 208228755 | 第四借阅区/ [索取号:H31/1231=2] | 在馆 | |
| 5 | 0822876 | 208228764 | 第四借阅区/ [索取号:H31/1231=2] | 在馆 |